Spatial statistics through applications
Αποθηκεύτηκε σε:
| Άλλοι συγγραφείς: | , |
|---|---|
| Μορφή: | Βιβλίο |
| Γλώσσα: | English |
| Δημοσίευση: |
Southampton :
WIT,
2002
|
| Σειρά: | Advances in ecological sciences ;
; 13 |
| Θέματα: | |
| Ετικέτες: |
Προσθήκη ετικέτας
Δεν υπάρχουν, Καταχωρήστε ετικέτα πρώτοι!
|
MARC
| LEADER | 00000nam a2200000 i 4500 | ||
|---|---|---|---|
| 001 | 1/30752 | ||
| 008 | 030117s2002 eng d | ||
| 020 | |a 1-85312-649-7 | ||
| 035 | |l 10069036 | ||
| 040 | |a GR-MY-UA |b gre |e aacr | ||
| 041 | 0 | |a eng | |
| 082 | 0 | |a 519.537 |2 (21) | |
| 245 | 1 | 0 | |a Spatial statistics through applications / |c edited by J. Mateu, F. Montes |
| 260 | |a Southampton : |b WIT, |c 2002 | ||
| 300 | |a 345 σ.; |b εικ.; |c 23 εκ. | ||
| 490 | 1 | |a International series on advances in ecological sciences |v ; 13 | |
| 504 | |a Περιέχει βιβλιογραφία | ||
| 650 | 0 | 0 | |a Environmental sciences |x Statistical methods. |
| 650 | 0 | 0 | |a Spatial analysis (Statistics) |
| 700 | 1 | |a Mateu, J. |4 edt | |
| 700 | 1 | |a Montes, F. |4 edt | |
| 830 | 0 | |a Advances in ecological sciences ; |v ; 13 | |
| 852 | |a INST |b LESVOS |e 20030117 |h 519.537 SPA |p 005100024884 |q 005100024884 |t BK |y 0 | ||
| 901 | |a BIBL1-2003-1 | ||
| 909 | |a Λ |b 103247 | ||
| 922 | |a 1ΕΛΗ |b 200212 |c 118/ΤΓ |d ΠΑΠΑΣΩΤΗΡΙΟΥ & ΕΛΕΥΘΕΡΟΥΔΑΚΗΣ | ||
| 950 | |a 118-2002-10-05 | ||
| 970 | |a ΚΑΜΑΤΣΟΥ |b ΔΕΣΠΟΙΝΑ |z 2003/01/16 | ||